Abordaje de los vapores La France y Sud-América y naufragio del segundo ocurrido en el Puerto de la Luz, Islas Canarias : (Record no. 157205)

MARC details
000 -LEADER
campo de control de longitud fija 01088nam a2200205 i 4500
001 - NÚMERO DE CONTROL
campo de control 157205
003 - IDENTIFICADOR DE NÚMERO DE CONTROL
campo de control ES-MaACL
005 - FECHA Y HORA DE LA ÚLTIMA TRANSACCIÓN
campo de control 20250826010149.0
008 - DATOS DE LONGITUD FIJA--INFORMACIÓN GENERAL
campo de control de longitud fija 991028s1891 sp |||| | spa d
100 1# - ENTRADA PRINCIPAL--NOMBRE DE PERSONA
Nombre de persona Lastres y Juiz, Francisco,
Fechas asociadas al nombre 1848-1918
9 (RLIN) 70504
245 10 - MENCIÓN DEL TÍTULO
Título Abordaje de los vapores La France y Sud-América y naufragio del segundo ocurrido en el Puerto de la Luz, Islas Canarias :
Resto del título recurso de casación relativo a incompetencia de la jurisdicción española para entender en el litigio pendiente sobre abono de daños y perjuicios /
Mención de responsabilidad, etc. redactado por Francisco Lastres y Juiz.
260 ## - PUBLICACIÓN, DISTRIBUCIÓN, ETC.
Lugar de publicación, distribución, etc. Madrid :
Nombre del editor, distribuidor, etc. [s.n.],
Fecha de publicación, distribución, etc. 1891 (
Fabricante Tip. de Manuel G. Hernández)
300 ## - DESCRIPCIÓN FÍSICA
Extensión 19 p. ;
Dimensiones 23 cm.
650 #4 - PUNTO DE ACCESO ADICIONAL DE MATERIA--TÉRMINO DE MATERIA
Término de materia o nombre geográfico como elemento de entrada Derecho marítimo-
Subdivisión geográfica España
9 (RLIN) 11732
650 #7 - PUNTO DE ACCESO ADICIONAL DE MATERIA--TÉRMINO DE MATERIA
Término de materia o nombre geográfico como elemento de entrada Casación civil
Fuente del encabezamiento o término embne
9 (RLIN) 153753
650 #4 - PUNTO DE ACCESO ADICIONAL DE MATERIA--TÉRMINO DE MATERIA
Término de materia o nombre geográfico como elemento de entrada Naufragios-
Subdivisión geográfica Atlántico.
9 (RLIN) 156329
852 4# - LOCALIZACIÓN
Ubicación ES-MaACL
Número de control de estantería T-549-F-6
Nota libre - Enc. hol., conservando enc. original
-- - Enc. en un vol. facticio
852 4# - LOCALIZACIÓN
Ubicación ES-MaACL
Número de control de estantería T-1262-F-3
Nota libre - Enc. hol., conservando enc. original
-- - Enc. en un vol. facticio
Holdings
Estatus retirado Estado de pérdida Estado de daño No para préstamo Colección Biblioteca de origen Biblioteca actual Ubicación en estantería Fecha de adquisición Total de préstamos Signatura topográfica completa Código de barras Visto por última vez Precio de reemplazo Tipo de ítem Koha
        Colección de folletos Biblioteca del Ateneo de Madrid Biblioteca del Ateneo de Madrid Depósito folletos 17/01/2008   T-1262-F-3 1164503 23/02/2023 23/02/2023 Folleto
        Colección de folletos Biblioteca del Ateneo de Madrid Biblioteca del Ateneo de Madrid Depósito folletos 17/01/2008   T-549-F-6 1164502 23/02/2023 23/02/2023 Folleto